<La> Ronda de Uruguay: un hueso duro de roer.

Voľný obchod je narušovaný takými krajinami ako USA, Japonsko, Brazília a pod. Uruguayské kolo má zabezpečiť svetový spravodlivý rozvoj. Strata prvenstva USA v ekonomickej hegemónii. Plán nového Uruguayského kola na úspech v poľnohospodárstve, intelektuálnom vlastníctve, antidumpingovej politike a t...

Descrizione completa

Salvato in:
Dettagli Bibliografici
Autore principale: Rocha, J.
Natura: Capitolo di libro
Lingua:spagnolo
Soggetti:
Tags: Aggiungi Tag
Nessun Tag, puoi essere il primo ad aggiungerne!!

MARC

LEADER 00000naa a2200000 4500
001 r009127
005 20221208122400.1
041 0 |a spa 
044 |a MX 
245 1 0 |a <La> Ronda de Uruguay: un hueso duro de roer.  |c J. Rocha 
520 |a Voľný obchod je narušovaný takými krajinami ako USA, Japonsko, Brazília a pod. Uruguayské kolo má zabezpečiť svetový spravodlivý rozvoj. Strata prvenstva USA v ekonomickej hegemónii. Plán nového Uruguayského kola na úspech v poľnohospodárstve, intelektuálnom vlastníctve, antidumpingovej politike a textile - podrobná analýza. 
610 2 0 |a obchod medzinárodný 
610 2 0 |a obchod voľný 
610 2 0 |a rozvoj hospodársky 
610 2 0 |a dohody obchodné medzinárodné 
610 2 0 |a poľnohospodárstvo 
610 2 0 |a dumping 
610 2 0 |a krajiny rozvojové 
610 2 0 |a textil 
610 2 0 |a služby 
610 2 0 |a protekcionizmus 
100 1 |a Rocha, J.